Racial differences in trajectories of cigarette use

Gespeichert in:  
Bibliographische Detailangaben
VerfasserInnen: White, Helene Raskin 1949- (Verfasst von) ; Stouthamer-Loeber, Magda (Verfasst von) ; Replogle, Elaine M. (Verfasst von) ; Nagin, Daniel 1948- (Verfasst von)
Medienart: Elektronisch Aufsatz
Sprache:Englisch
Veröffentlicht: 2004
In: Drug and alcohol dependence
Jahr: 2004, Band: 76, Heft: 3, Seiten: 219-227
Online-Zugang: Volltext (lizenzpflichtig)
Volltext (lizenzpflichtig)
Verfügbarkeit prüfen: HBZ Gateway

MARC

LEADER 00000caa a22000002c 4500
001 1912675064
003 DE-627
005 20250125055326.0
007 cr uuu---uuuuu
008 241217s2004 xx |||||o 00| ||eng c
024 7 |a 10.1016/j.drugalcdep.2004.05.004  |2 doi 
035 |a (DE-627)1912675064 
035 |a (DE-599)KXP1912675064 
040 |a DE-627  |b ger  |c DE-627  |e rda 
041 |a eng 
084 |a 2,1  |2 ssgn 
100 1 |a White, Helene Raskin  |d 1949-  |e VerfasserIn  |0 (DE-588)101966648X  |0 (DE-627)690989113  |0 (DE-576)356369757  |4 aut 
109 |a White, Helene Raskin 1949-  |a White, Helene R. 1949- 
245 1 0 |a Racial differences in trajectories of cigarette use 
264 1 |c 2004 
336 |a Text  |b txt  |2 rdacontent 
337 |a Computermedien  |b c  |2 rdamedia 
338 |a Online-Ressource  |b cr  |2 rdacarrier 
700 1 |a Stouthamer-Loeber, Magda  |e VerfasserIn  |4 aut 
700 1 |a Replogle, Elaine M.  |e VerfasserIn  |0 (DE-588)1081040289  |0 (DE-627)845540327  |0 (DE-576)453912699  |4 aut 
700 1 |a Nagin, Daniel  |d 1948-  |e VerfasserIn  |0 (DE-588)138505543  |0 (DE-627)603780695  |0 (DE-576)308775597  |4 aut 
773 0 8 |i Enthalten in  |t Drug and alcohol dependence  |d Amsterdam [u.a.] : Elsevier Science, 1975  |g 76(2004), 3, Seite 219-227  |h Online-Ressource  |w (DE-627)320441059  |w (DE-600)2004927-4  |w (DE-576)252887816  |x 1879-0046  |7 nnas 
773 1 8 |g volume:76  |g year:2004  |g number:3  |g pages:219-227 
787 0 8 |i Forschungsdaten  |a Loeber, Rolf  |t Pittsburgh Youth Study Youngest Sample (1987 - 2001) (Pittsburgh, Pennsylvania)  |d [Erscheinungsort nicht ermittelbar] : [Verlag nicht ermittelbar], 2016  |w (DE-627)1840043474 
787 0 8 |i Forschungsdaten  |a Loeber, Rolf  |t Pittsburgh Youth Study Oldest Sample (1987 - 2000) (Pittsburgh, Pennsylvania)  |d [Erscheinungsort nicht ermittelbar] : [Verlag nicht ermittelbar], 2016  |w (DE-627)1840043458 
856 4 0 |u https://doi.org/10.1016/j.drugalcdep.2004.05.004  |x Resolving-System  |z lizenzpflichtig  |3 Volltext  |7 1 
856 4 0 |u https://www.ncbi.nlm.nih.gov/pubmed/15561473  |x Verlag  |z lizenzpflichtig  |3 Volltext  |7 1 
935 |a mkri 
951 |a AR 
ELC |a 1 
LOK |0 000 xxxxxcx a22 zn 4500 
LOK |0 001 463764061X 
LOK |0 003 DE-627 
LOK |0 004 1912675064 
LOK |0 005 20241217044904 
LOK |0 008 241217||||||||||||||||ger||||||| 
LOK |0 035   |a (DE-2619)ICPSR143493 
LOK |0 040   |a DE-2619  |c DE-627  |d DE-2619 
LOK |0 092   |o n 
LOK |0 852   |a DE-2619 
LOK |0 852 1  |9 00 
LOK |0 935   |a nacp 
LOK |0 939   |a 17-12-24  |b l01 
ORI |a SA-MARC-krimdoka001.raw